[Event "3rd Stage Russian Cup"]
[Site "Tomsk RUS"]
[Date "2002.07.09"]
[Round "2"]
[White "Zablotsky,S"]
[Black "Beletsky,A"]
[Result "1/2-1/2"]
[WhiteElo "2388"]
[BlackElo "2386"]

1.Nf3 Nf6 2.g3 g6 3.Bg2 Bg7 4.c4 O-O 5.Nc3 d6 6.O-O e5 7.d3 Nc6 8.Rb1 h6
9.b4 Be6 10.e4 Qd7 11.Nd5 Ne8 12.Be3 Bh3 13.b5 Nd8 14.Qd2 Kh7 15.Rb3 Bxg2
16.Kxg2 f5 17.Qe2 Ne6 18.exf5 gxf5 19.Ra3 Nf6 20.Rb1 f4 21.Bd2 Ng5 22.Kg1 Nxf3+
23.Qxf3 Nxd5 24.Qxd5 Kh8 25.gxf4 exf4 26.Qf3 Qf5 27.Kh1 Be5 28.Rg1 Rg8 29.Rxg8+ Rxg8
30.Rb3 Qg4 31.Qxg4 Rxg4 32.f3 Rg6 33.Rb1 Kg7 34.Rg1 Rxg1+ 35.Kxg1 Kf6 36.Be1 Kf5
37.Bf2 a6 38.bxa6 bxa6 39.Kf1 Bc3 40.Ke2 Ke5 41.Bh4 Bd4 42.Bd8 c6 43.Bc7 Bc5
44.Bd8 d5 45.Bc7+ Bd6 46.d4+ Ke6 47.Bxd6 Kxd6 48.c5+ Ke6  1/2-1/2

[Event "Open"]
[Site "Oberwart AUT"]
[Date "2002.07.11"]
[Round "7"]
[White "Fridman,D"]
[Black "Timoscenko,G"]
[Result "1/2-1/2"]
[WhiteElo "2571"]
[BlackElo "2522"]

1.Nf3 Nf6 2.c4 g6 3.g3 Bg7 4.Bg2 O-O 5.d4 d6 6.Nc3 Nc6 7.O-O Bf5 8.b3 Ne4
9.Bb2 Nxc3 10.Bxc3 Be4 11.e3 e5 12.d5 Nb8 13.Rc1 Re8 14.Nd2  1/2-1/2

[Event "Open"]
[Site "Oberwart AUT"]
[Date "2002.07.11"]
[Round "7"]
[White "Loginov,Va"]
[Black "Kuzmin,A"]
[Result "0-1"]
[WhiteElo "2526"]
[BlackElo "2582"]

1.Nf3 Nf6 2.g3 g6 3.c4 Bg7 4.Bg2 O-O 5.d4 d6 6.O-O Nc6 7.Nc3 a6 8.Bg5 h6
9.Bd2 Rb8 10.Rc1 e5 11.d5 Nd4 12.Ne1 Qe7 13.e3 Nf5 14.Qc2 Bd7 15.b4 Rfe8
16.Ne4 Nxe4 17.Bxe4 h5 18.Nd3 h4 19.c5 Nh6 20.Qb3 Bh3 21.Rfe1 Qg5 22.b5 Nf5
23.Bg2 Bxg2 24.Kxg2 hxg3 25.hxg3 Nh4+ 26.Kf1 Nf3 27.Red1 Qg4 28.b6 cxb6 29.cxd6 Rbd8
30.Qxb6 e4 31.Nc5 Qh3+ 32.Ke2 Qh5 33.Kf1 Nxd2+ 34.Rxd2 Qh1+ 35.Ke2 Qxc1 36.d7 Rf8
37.Nxe4 Rxd7  0-1

[Event "Open"]
[Site "Oberwart AUT"]
[Date "2002.07.13"]
[Round "9"]
[White "Loginov,Va"]
[Black "Fercec,N"]
[Result "1-0"]
[WhiteElo "2526"]
[BlackElo "2494"]

1.Nf3 Nf6 2.g3 g6 3.Bg2 Bg7 4.c4 O-O 5.d4 d6 6.O-O Nc6 7.Nc3 a6 8.Bg5 h6
9.Bd2 Bg4 10.d5 Na5 11.b3 c5 12.dxc6 Nxc6 13.Rc1 Rb8 14.Nd5 Ne4 15.Be3 Nc5
16.Re1 e6 17.Nc3 Bxf3 18.Bxf3 Qe7 19.Qd2 Kh7 20.Bxc6 bxc6 21.Bxc5 dxc5 22.Na4 Rfd8
23.Qe3 Rd4 24.Qf3 Rd2 25.Qxc6 Rxa2 26.Rcd1 Rxb3 27.Nxc5 Rbb2 28.Rd7 Qe8 29.Qc7 Qb8
30.Rxf7 Qxc7 31.Rxc7 Rxe2 32.Rxe2 Rxe2 33.Kf1 Re5 34.f4  1-0

[Event "Open Championships"]
[Site "Paris FRA"]
[Date "2002.07.13"]
[Round "8"]
[White "David,Alb"]
[Black "Marcantoni,H"]
[Result "1-0"]
[WhiteElo "2511"]
[BlackElo "2257"]

1.Nf3 Nf6 2.c4 g6 3.g3 Bg7 4.Bg2 O-O 5.O-O d6 6.Nc3 e5 7.d3 Nc6 8.Rb1 a5
9.a3 Be6 10.b4 axb4 11.axb4 Qc8 12.Re1 h6 13.b5 Ne7 14.Bb2 Bh3 15.Bh1 Ng4
16.Qb3 Rb8 17.Ba3 b6 18.Rbd1 Qe6 19.e4 Kh8 20.d4 f6 21.Bg2 Bxg2 22.Kxg2 f5
23.h3 Nxf2 24.Kxf2 fxe4 25.Nxe4 Qxh3 26.Rh1 Qf5 27.Rde1 exd4 28.Kg2 Rbe8
29.Bxd6 Qd7 30.Bxe7 Rxe7 31.Qd3 Ra8 32.Ned2 Qe8 33.Rxe7 Qxe7 34.Re1  1-0

[Event "Open Aegean Ch"]
[Site "Ikaros GRE"]
[Date "2002.07.14"]
[Round "2"]
[White "Groh,J"]
[Black "Radovanovic,D"]
[Result "1-0"]
[WhiteElo "2074"]
[BlackElo "2294"]

1.c4 Nf6 2.Nf3 g6 3.g3 Bg7 4.Bg2 O-O 5.O-O d6 6.Nc3 e5 7.d3 Nc6 8.Rb1 a5
9.a3 Bg4 10.b4 axb4 11.axb4 Re8 12.b5 Nd4 13.Be3 Nd7 14.Nd2 Ra3 15.Nde4 f5
16.Bc1 Ra7 17.Ng5 Nb6 18.f3 Bh5 19.e3 Nxf3+ 20.Nxf3 e4 21.Qb3 exf3 22.c5+ Kh8
23.cxb6 fxg2 24.bxa7 gxf1=Q+ 25.Kxf1 f4 26.exf4 Qd7 27.Be3 Qh3+ 28.Kg1 Bf3
29.Qc2 b6 30.Ne4 h6 31.Rf1 Bxe4 32.dxe4 Qd7 33.Qa4 Ra8 34.Bd4 Bxd4+ 35.Qxd4+ Kh7
36.f5 Rxa7 37.fxg6+ Kxg6 38.Rf6+ Kh7 39.e5 Qh3 40.Rf7+ Kg6 41.e6  1-0

[Event "KB Czech Open"]
[Site "Pardubice CZE"]
[Date "2002.07.19"]
[Round "1"]
[White "Fridman,D"]
[Black "Jankovic,A"]
[Result "1-0"]
[WhiteElo "2571"]
[BlackElo "2299"]

1.Nf3 Nf6 2.c4 g6 3.g3 Bg7 4.Bg2 O-O 5.d4 d6 6.Nc3 Nbd7 7.O-O e5 8.e4 c6
9.b3 a6 10.Bb2 Re8 11.Re1 Rb8 12.Rc1 Ng4 13.h3 exd4 14.Nxd4 Qf6 15.hxg4 Qxd4
16.Qxd4 Bxd4 17.Red1 c5 18.Na4 b5 19.Bxd4 bxa4 20.Bc3 axb3 21.axb3 Rb6 22.Rb1 Ne5
23.Ba5 Rb7 24.f4 Nxg4 25.e5 dxe5 26.Bxb7 Bxb7 27.Rd8 Rxd8 28.Bxd8 exf4 29.gxf4 f6
30.Re1 Bf3 31.Re8+ Kf7 32.Re7+ Kg8 33.Rc7 Bd1 34.Rxc5 Bxb3 35.Rc8 Kf7 36.c5 Be6
37.Rb8 Bd5 38.Ba5 h5 39.Rd8 Be4 40.Rd7+ Ke6 41.Rd6+ Ke7 42.Bb4 a5 43.Ba3 Ne3
44.c6 Nc4 45.c7 Bb7 46.Rb6+ Kd7 47.Rxb7 Nxa3 48.Rb3 Kxc7 49.Rxa3 Kb6 50.Rg3  1-0

[Event "Capital of Siberia Open"]
[Site "Novosibirsk RUS"]
[Date "2002.07.20"]
[Round "2"]
[White "Permiakov,V"]
[Black "Okladnikov,G"]
[Result "1-0"]
[WhiteElo "2351"]
[BlackElo "2203"]

1.Nf3 Nf6 2.c4 g6 3.g3 Bg7 4.Bg2 O-O 5.O-O d6 6.Nc3 c5 7.d4 Nc6 8.dxc5 dxc5
9.Bf4 Qa5 10.Bd2 Bg4 11.Qc1 Qc7 12.Bf4 e5 13.Bg5 Bxf3 14.Bxf3 Nd4 15.Bg2 Qa5
16.Re1 Rab8 17.e3 Ne6 18.Bxf6 Bxf6 19.Rd1 Rfd8 20.Rxd8+ Qxd8 21.Qc2 Nc7 22.Rd1 Qe8
23.Qa4 Qxa4 24.Nxa4 b6 25.Rd7 Bd8 26.Nc3 a6 27.Bb7 Kf8 28.Ne4 Ne6 29.Bd5 Be7
30.Ra7 a5 31.Bxe6 fxe6 32.Kf1 b5 33.cxb5 Rxb5 34.b3 c4 35.bxc4 Rb4 36.Rxa5 Rxc4
37.Nd2 Rc2 38.Nf3 e4 39.Nd4 Rc1+ 40.Kg2 Kf7 41.Re5 Bf6 42.Rxe4 Rc4 43.Nb5 Rc2
44.Ra4 g5 45.g4  1-0

[Event "Battle of Senta Open"]
[Site "Senta YUG"]
[Date "2002.07.20"]
[Round "2"]
[White "Arsovic,G"]
[Black "Jurcsak,A"]
[Result "1-0"]
[WhiteElo "2434"]
[BlackElo "2226"]

1.Nf3 Nf6 2.c4 g6 3.g3 Bg7 4.Bg2 O-O 5.d4 d6 6.O-O Nc6 7.d5 Na5 8.Nfd2 c5
9.a3 b6 10.b4 Nb7 11.Bb2 Qc7 12.Nc3 a6 13.Qb3 e5 14.dxe6 Bxe6 15.Nd5 Bxd5
16.cxd5 Rae8 17.e4 b5 18.Bc3 Nd7 19.Bxg7 Kxg7 20.Qc3+ Kg8 21.f4 Qb6 22.Kh1 a5
23.Bh3 axb4 24.axb4 cxb4 25.Qc6  1-0

[Event "Capital of Siberia Open"]
[Site "Novosibirsk RUS"]
[Date "2002.07.26"]
[Round "8"]
[White "Glukhov,M"]
[Black "Botvinkov,A"]
[Result "0-1"]
[WhiteElo "2087"]
[BlackElo "2182"]

1.Nf3 Nf6 2.c4 g6 3.g3 Bg7 4.Bg2 O-O 5.O-O d6 6.Nc3 Nc6 7.Rb1 e5 8.b4 Nh5
9.b5 Ne7 10.Nd5 f5 11.d3 Nf6 12.Qb3 h6 13.Ba3 Be6 14.Nxe7+ Qxe7 15.Nxe5 Qe8
16.Nf3 Rb8 17.Bb2 Kh7 18.Nd4 Bc8 19.e4 fxe4 20.dxe4 Nd7 21.f4 Nc5 22.Qc2 Bd7
23.Nb3 Bxb2 24.Qxb2 Nxb3 25.axb3 a6 26.bxa6 bxa6 27.Qc3 Qe7 28.Rbe1 Rb6 29.e5 Qg7
30.c5 dxc5 31.Qxc5 Be6 32.Rc1 Rf7 33.b4 Rb5 34.Qc6 Rb6 35.Qc3 Qf8 36.Rb1 Bf5
37.Rb2 Qb8 38.Bc6 Qd8 39.Rc1 Rf8 40.Bd5 c6 41.Bxc6 Qb8 42.Qc5 Rc8 43.Qe7+ Kh8
44.Rd2 Rxb4 45.Qf6+ Kh7 46.e6 Qb6+ 47.Kg2 Rc7 48.Rd7+ Rxd7 49.Rc2  0-1

[Event "Capital of Siberia Open"]
[Site "Novosibirsk RUS"]
[Date "2002.07.26"]
[Round "8"]
[White "Pokrasenko,A"]
[Black "Salinnikov,D"]
[Result "1/2-1/2"]
[WhiteElo "2183"]
[BlackElo "2327"]

1.Nf3 Nf6 2.c4 g6 3.g3 Bg7 4.Bg2 O-O 5.O-O Nc6 6.d4 a6 7.d5 Na5 8.Qa4 c5
9.Bd2 b6 10.Bc3 d6 11.Nbd2 Bd7 12.Qc2 b5 13.b3 Rc8 14.e4 e5 15.dxe6 Bxe6
16.Rad1 b4 17.Bb2 Nd7 18.Bxg7 Kxg7 19.Qb2+ Qf6 20.Qxf6+ Kxf6 21.Ne1 Ke7 22.f4 f6
23.Nc2 Nc6 24.Kf2 h5 25.Ne3 Nb6 26.Rfe1 Nd4 27.Nf3 Nxf3 28.Bxf3 Kd7 29.e5 fxe5
30.fxe5 Bg4 31.Rxd6+ Kc7 32.Rc6+ Kb7 33.Rf6+ Bxf3 34.Rxf3 Kc6 35.Rd1 Rcd8
36.Rxd8 Rxd8 37.Rf6+ Kc7 38.Rxg6 Rd2+ 39.Kf3 Nd7 40.Rg7 Kd8 41.e6 Nf6 42.Rf7 Ng4
43.Nxg4 hxg4+ 44.Kxg4 Rxh2 45.Kf5 Rxa2 46.Ke5 Rd2 47.Rd7+ Rxd7 48.exd7 a5  1/2-1/2

[Event "KB Czech Open"]
[Site "Pardubice CZE"]
[Date "2002.07.26"]
[Round "8"]
[White "Konopka,M"]
[Black "Pinter,E"]
[Result "1-0"]
[WhiteElo "2441"]
[BlackElo "2357"]

1.Nf3 Nf6 2.c4 g6 3.g3 Bg7 4.Bg2 O-O 5.d4 d6 6.O-O a6 7.Nc3 Nc6 8.b3 Rb8
9.Nd5 Nh5 10.Bb2 e6 11.Ne3 f5 12.Qd2 Ne7 13.Rac1 Bh6 14.Ne1 Nf6 15.f4 Rf7
16.Nd3 Bd7 17.d5 e5 18.fxe5 Ng4 19.Rf3 dxe5 20.Nxe5 Nxe3 21.Rxe3 Rf8 22.Qd4 Bxe3+
23.Qxe3 f4 24.Qc3 Nf5 25.gxf4 Qe7 26.Nxd7 Qxd7 27.Bh3 Qg7 28.Bxf5  1-0

[Event "Lost Boys Open"]
[Site "Amsterdam NED"]
[Date "2002.08.02"]
[Round "8"]
[White "Odendahl,R"]
[Black "Van Delft,M"]
[Result "1/2-1/2"]
[WhiteElo "2379"]
[BlackElo "2340"]

1.c4 Nf6 2.g3 g6 3.Bg2 Bg7 4.Nf3 O-O 5.O-O d6 6.d4 Nc6 7.Nc3 a6 8.b3 Rb8
9.Bb2 b5 10.cxb5 axb5 11.Rc1 b4 12.Nb1 Na7 13.Ne1 Bb7 14.Nd3 Bxg2 15.Kxg2 Qc8
16.Rc4 Rb5 17.Nd2 Qb7+ 18.Kg1 c6 19.e3 Rb8 20.Qf3 Qa6 21.Ra1 Rf5 22.Qd1 Rfb5
23.Qf3 Rf5 24.Qd1 Rfb5 25.Qf1 Qb7 26.Rac1 Qd7 27.Qe2 Qh3 28.Nf4 Qd7 29.Nd3 Qh3
30.Nf4 Qd7 31.Nd3  1/2-1/2

[Event "ch-AUT"]
[Site "Oberpullendorf AUT"]
[Date "2002.08.15"]
[Round "6"]
[White "Stadler,P"]
[Black "Stranz,R"]
[Result "0-1"]
[WhiteElo "2178"]
[BlackElo "2257"]

1.Nf3 Nf6 2.c4 g6 3.g3 Bg7 4.Bg2 O-O 5.Nc3 d6 6.d4 Nc6 7.h3 a6 8.O-O Na5
9.Nd2 c5 10.d5 Bd7 11.Qc2 b5 12.Rb1 bxc4 13.Nd1 Rb8 14.Ne3 e6 15.dxe6 Bxe6
16.Ndxc4 d5 17.Nxa5 Qxa5 18.Bd2 Qxa2 19.Qxc5 Rfc8 20.Qa3 d4 21.Ng4 Nxg4 22.hxg4 Qxa3
23.bxa3 Bxg4 24.f3 Bd7 25.Kf2 Bf8 26.f4 Rxb1 27.Rxb1 Bb5  0-1

[Event "TCh-BIH"]
[Site "Neum BIH"]
[Date "2002.08.24"]
[Round "1"]
[White "Muratovic,Ef"]
[Black "Jakubovic,N"]
[Result "1-0"]
[WhiteElo "2336"]
[BlackElo "2395"]

1.Nf3 Nf6 2.c4 g6 3.g3 Bg7 4.Bg2 O-O 5.O-O d6 6.d4 c6 7.Nc3 a6 8.Qb3 Ra7
9.e4 b5 10.e5 Ne8 11.cxb5 axb5 12.Re1 Na6 13.a3 Nec7 14.exd6 exd6 15.Bg5 Bf6
16.Bxf6 Qxf6 17.Qc2 Bb7 18.Qd2 c5 19.d5 Rd8 20.Ne4 Qg7 21.Qg5 Raa8 22.Nf6+ Kh8
23.Re7 h6 24.Qh4 Bxd5 25.Ng5 Bb3 26.Nxf7+ Bxf7 27.Rxf7  1-0

[Event "13th Summer Open"]
[Site "Recklinghausen GER"]
[Date "2002.08.25"]
[Round "9"]
[White "Trzaska,P"]
[Black "Kiseleva,N"]
[Result "0-1"]
[WhiteElo "2198"]
[BlackElo "2277"]

1.c4 Nf6 2.Nf3 g6 3.g3 Bg7 4.Bg2 O-O 5.O-O d6 6.Nc3 e5 7.d3 h6 8.Rb1 a5 9.a3 Re8
10.e4 c6 11.Nh4 Be6 12.b4 axb4 13.Rxb4 Ra7 14.Be3 Rxa3 15.Nb1 Ra6 16.Rxb7 Nbd7
17.h3 d5 18.Qe1 d4 19.Bxh6 Nc5 20.Bxg7 Kxg7 21.Rb2 Nxd3 22.Qd2 Nxb2 23.Qxb2 Bxc4
24.Rc1 Ra2 25.Qb4 Bb5 26.Nd2 Qe7  0-1

[Event "Kaissa I"]
[Site "Alushta UKR"]
[Date "2002.09.04"]
[Round "5"]
[White "Nikitin,An"]
[Black "Kaiumov,D"]
[Result "0-1"]
[WhiteElo "2471"]
[BlackElo "2460"]

1.Nf3 Nf6 2.g3 g6 3.Bg2 Bg7 4.c4 O-O 5.O-O d6 6.Nc3 e5 7.d3 Nc6 8.Rb1 a5
9.a3 h6 10.b4 axb4 11.axb4 Re8 12.b5 Nd4 13.e3 Ne6 14.Qc2 c6 15.Bd2 Bd7 16.bxc6 bxc6
17.Ra1 Qc7 18.Rfb1 d5 19.Ne2 Rxa1 20.Rxa1 e4 21.Ne1 Qd6 22.dxe4 Nxe4 23.Ra5 Rb8
24.Ra2 N6g5 25.f3 Nxd2 26.Qxd2 Qe7 27.Nc2 Rb1+ 28.Kf2 Nh3+ 29.Bxh3 Bxh3 30.Nf4 Rh1
31.Qd3 Qg5 32.Ra8+ Kh7 33.Ne1 Rxh2+ 34.Neg2 Be5 35.Qf1 d4 36.Ra7 dxe3+ 37.Kg1 Qxg3
38.Rxf7+ Kg8 39.Ra7 Bxf4  0-1

[Event "TCh-CRO"]
[Site "Medulin CRO"]
[Date "2002.09.12"]
[Round "4"]
[White "Kurajica,B"]
[Black "Levacic,P"]
[Result "1-0"]
[WhiteElo "2555"]
[BlackElo "2336"]

1.Nf3 Nf6 2.c4 g6 3.g3 Bg7 4.Bg2 O-O 5.O-O d6 6.d4 c6 7.h3 Nbd7 8.Nc3 e5
9.e4 Qa5 10.Qe2 exd4 11.Nxd4 Re8 12.Be3 Nb6 13.Rac1 Na4 14.Nxa4 Qxa4 15.Qd3 Bd7
16.Bd2 Qa6 17.Nc2 Rad8 18.Nb4 Qb6 19.Bc3 a5 20.Nc2 Qa6 21.Rfd1 Be6 22.Qf3 Nd7
23.Bxg7 Kxg7 24.Qc3+ Kg8 25.Ne3 Nc5 26.Rd2 Qb6 27.Rcd1 Bc8 28.Qc2 Na6 29.a3 Qc5
30.Qc3 a4 31.Qf6 Be6 32.e5 Nb8 33.exd6 Nd7 34.Qc3 Ne5 35.Rd4 b5 36.cxb5 Qxc3
37.bxc3 cxb5 38.Rb4 Bb3 39.Rdd4 Nc4 40.Nxc4 Bxc4 41.Bc6 Re1+ 42.Kg2 Bf1+
43.Kh2 Re5 44.d7 f5 45.Rd1 Bc4 46.Rbb1 Re7 47.Bxb5 Bxb5 48.Rxb5 Rdxd7 49.Rxd7 Rxd7
50.Ra5 Rd3 51.Rxa4 Rxc3 52.Ra7 f4 53.gxf4 Rf3 54.Kg2 Rxf4 55.a4 g5 56.a5 Ra4
57.Kf3 h6 58.a6 Kh8 59.Ke3 h5 60.f3 Kg8 61.Kd3 h4 62.Kc3 Kf8 63.Kb3 Ra1 64.Kb4 Ke8
65.Kb5 Rb1+ 66.Kc6 Kd8 67.Rh7 Rc1+ 68.Kd6 Rd1+ 69.Ke5  1-0

[Event "TCh-CRO"]
[Site "Medulin CRO"]
[Date "2002.09.13"]
[Round "5"]
[White "Dizdarevic,E"]
[Black "Rasic,D"]
[Result "0-1"]
[WhiteElo "2526"]
[BlackElo "2342"]

1.Nf3 Nf6 2.g3 g6 3.Bg2 Bg7 4.c4 O-O 5.d4 d6 6.Nc3 Nc6 7.O-O e5 8.dxe5 dxe5
9.Bg5 Be6 10.Qb3 Qc8 11.Nd5 Nd7 12.Rfd1 Re8 13.Rac1 h6 14.Be3 f5 15.Ne1 Bf7
16.Nc2 Nd8 17.Qb4 Bf8 18.Qd2 g5 19.Bxg5 hxg5 20.Qxg5+ Bg7 21.Ne7+ Rxe7 22.Qxe7 Nf8
23.Ne3 Nc6 24.Qg5 Nd4 25.Rxd4 Ne6 26.Qxf5 Nxd4 27.Qd3 c6 28.Nc2 Nxc2 29.Qxc2 Qe6
30.Be4 Rd8 31.e3 Qd6 32.Kg2 Qd2 33.h4 Bh6 34.Kh3 Kg7 35.b3 Be6+ 36.g4 Bxe3
37.Qxd2 Bxd2 38.Rd1 Rd4 39.f3 Bf4 40.Rxd4 exd4  0-1

[Event "TCh-CRO"]
[Site "Medulin CRO"]
[Date "2002.09.14"]
[Round "6"]
[White "Bukal,V"]
[Black "Fercec,N"]
[Result "1-0"]
[WhiteElo "2425"]
[BlackElo "2494"]

1.c4 Nf6 2.Nf3 g6 3.g3 Bg7 4.Bg2 O-O 5.O-O d6 6.d4 c6 7.Nc3 Qa5 8.h3 Be6
9.Nd2 Qa6 10.d5 cxd5 11.cxd5 Bd7 12.Nf3 b5 13.Qb3 Qa5 14.a3 Na6 15.Be3 Nc5
16.Qb4 Qc7 17.Qh4 Nb3 18.Rad1 Rfc8 19.Bh6 Qd8 20.e4 b4 21.axb4 Rc4 22.g4 Bxh6
23.Qxh6 Qf8 24.Qe3 Rxb4 25.e5 Ne8 26.Ng5 dxe5 27.Ne6 Bxe6 28.dxe6 Rab8 29.exf7+ Qxf7
30.Qxe5 Qg7 31.Qe3 Kh8 32.Rd7 Nf6 33.Rxe7 Qf8 34.Qxa7 Nd4 35.g5 Nf5  1-0

[Event "VI Pablo Gorbea Mem"]
[Site "Madrid ESP"]
[Date "2002.09.16"]
[Round "1"]
[White "Pascual Perdiguero,J"]
[Black "Roeder,M"]
[Result "0-1"]
[WhiteElo "2006"]
[BlackElo "2485"]

1.c4 Nf6 2.Nf3 g6 3.g3 Bg7 4.Bg2 O-O 5.Nc3 d6 6.O-O c6 7.d4 Qa5 8.Bd2 Qh5
9.h4 h6 10.e4 Bg4 11.Re1 Nfd7 12.Bc1 e5 13.d5 f5 14.Re3 f4 15.dxc6 bxc6 16.Rd3 Nc5
17.Rxd6 fxg3 18.fxg3 Bxf3 19.Bxf3 Qxf3 20.Qxf3 Rxf3 21.Rxg6 Kh7 22.h5 Nbd7
23.Kg2 Raf8 24.Rxc6 Rf1 25.g4 Nd3  0-1

[Event "VI Pablo Gorbea Mem"]
[Site "Madrid ESP"]
[Date "2002.09.18"]
[Round "3"]
[White "Barez,H"]
[Black "Roeder,M"]
[Result "0-1"]
[WhiteElo "2201"]
[BlackElo "2485"]

1.Nf3 Nf6 2.c4 g6 3.g3 Bg7 4.Bg2 O-O 5.O-O d6 6.d4 c6 7.Nc3 Qa5 8.h3 Be6
9.Qd3 Qa6 10.b3 d5 11.Ne5 Rd8 12.Rd1 Nbd7 13.cxd5 Qxd3 14.Nxd3 Nxd5 15.Nxd5 Bxd5
16.Bb2 Bxg2 17.Kxg2 a5 18.a3 c5 19.dxc5 Bxb2 20.Nxb2 Nxc5 21.b4 Nb3 22.Rab1 axb4
23.axb4 Rxd1 24.Nxd1 Nd4 25.e3 Nb5 26.Rc1 Ra4 27.Rc4 f5 28.Nb2 Ra2 29.Rc8+ Kg7
30.Nd3 Rd2 31.Nf4 Kf7 32.h4 Nd6 33.Rc7 h6 34.Kf1 g5 35.hxg5 hxg5 36.Ke1 Rb2
37.Nd3 Ra2 38.Rc5 g4 39.Ra5 Rxa5 40.bxa5 Nc4 41.Ke2 Nxa5 42.f3 Nc6 43.fxg4 fxg4
44.e4 Kf6 45.Ke3 Kg5 46.Nc5 b5 47.Ne6+ Kf6 48.Nc7 b4 49.Kf4 b3 50.Nd5+ Ke6
51.Nc3 Ne5 52.Nb1 b2 53.Nd2 Nf3 54.Nb1 Nh2 55.Nd2 Kf7 56.Nb1 e5+ 57.Ke3 Ke6
58.Kd3 Nf1 59.Kc2 Nxg3 60.Nd2 Ne2 61.Kd3 Nd4 62.Ke3 Nc2+  0-1

[Event "TCh-FIN 2002-3"]
[Site "Finland FIN"]
[Date "2002.09.21"]
[Round "1"]
[White "Salo,Ta"]
[Black "Paavilainen,J"]
[Result "1/2-1/2"]
[WhiteElo "2309"]
[BlackElo "2292"]

1.Nf3 Nf6 2.c4 g6 3.g3 Bg7 4.Bg2 O-O 5.O-O d6 6.d4 Nc6 7.Nc3 a6 8.h3 Rb8
9.e4 b5 10.e5 Ne8 11.cxb5 axb5 12.Bf4 b4 13.Ne4 b3 14.axb3 Bf5 15.Re1 Rb6
16.g4 Bxe4 17.Rxe4 Qb8 18.Re3 Rb4 19.Rc3 dxe5 20.dxe5 Rxf4 21.Rxc6 Qb5 22.Qd7 Rxf3
23.Bxf3 Qxe5 24.Qd5 Qxb2 25.Re1 Nf6 26.Qc4 Nd7 27.Rxc7 Ne5 28.Qe2 Qxb3 29.Bg2 e6
30.Rd1 g5 31.Ra7  1/2-1/2

[Event "ECC"]
[Site "Halkidiki GRE"]
[Date "2002.09.22"]
[Round "1"]
[White "Pinchuk,S"]
[Black "Kozul,Z"]
[Result "0-1"]
[WhiteElo "2425"]
[BlackElo "2588"]

1.Nf3 Nf6 2.c4 g6 3.g3 Bg7 4.Bg2 O-O 5.O-O e6 6.d4 d5 7.Qc2 Nc6 8.Rd1 a5
9.Bf4 Ne4 10.Nc3 Nxc3 11.Qxc3 Ne7 12.Rac1 c6 13.c5 f6 14.h4 h6 15.Qd3 g5
16.hxg5 hxg5 17.Bd6 Rf7 18.g4 Bf8 19.Nh2 Rg7 20.Bxe7 Bxe7 21.e4 Qc7 22.Re1 Qf4
23.Qe3 Bd7 24.Rc2 Bd8 25.Qxf4 gxf4 26.e5 fxe5 27.Rxe5 Bf6 28.Nf3 Rxg4 29.Re1 Kf7
30.Nh2 Rg5 31.Nf3 Rg6 32.Kf1 Rag8 33.Bh1 Rh6 34.Bg2 Ke7 35.Ne5 Be8 36.Bf3 Rg5
37.Rce2 Bg7 38.b4 axb4 39.Rb2 Rh3 40.Bg2 Rh2 41.Bf3 Bh5 42.Bxh5 Rh1+ 43.Ke2 Rxe1+
44.Kxe1 Bxe5 45.dxe5 Rxh5 46.Rxb4 Rxe5+ 47.Kd2 f3 48.Rxb7+ Kf6 49.Rc7 Re2+
50.Kd3 Rxf2 51.Ke3 Rc2  0-1

[Event "7th ECCW"]
[Site "Antalya TUR"]
[Date "2002.10.02"]
[Round "4"]
[White "Maric,A"]
[Black "Kachiani,K"]
[Result "1/2-1/2"]
[WhiteElo "2450"]
[BlackElo "2439"]

1.Nf3 Nf6 2.c4 g6 3.g3 Bg7 4.Bg2 O-O 5.O-O d6 6.d4 Nc6 7.Nc3 a6 8.Re1 Re8
9.Rb1 e5 10.d5 Nd4 11.Nd2 Bf5 12.Nde4 Nxe4 13.Nxe4 Qd7 14.e3 Bxe4 15.Bxe4 Nf5
16.Qc2 Ne7 17.Bg2 f5 18.e4 fxe4 19.Qxe4 a5 20.Bd2 b6 21.Bc3 Nf5 22.Bh3 Rf8
23.Qd3 Rae8 24.Re4 h5 25.Rbe1 Qf7 26.Qe2 b5 27.cxb5 Qxd5 28.Qc4 Qxc4 29.Rxc4 Nd4
30.Bg2 Nxb5 31.Bxa5 c5 32.b4 Nd4 33.bxc5 dxc5 34.Rxc5 Nf3+ 35.Bxf3 Rxf3 36.Bc3 e4
37.Bxg7 Kxg7 38.Kg2 Ra3 39.Rc2 Re7 40.h4 Re6 41.Ree2 Kf6 42.Rb2 Kf5 43.Rb8 Raa6
44.Rf8+ Rf6 45.Re8 Ra4 46.Kh3 Rfa6 47.Rf8+ Rf6 48.Rb8 Rfa6 49.Rf8+ Rf6 50.Rxf6+ Kxf6
51.Kg2 Kf5 52.Rb2 Ra5 53.Kf1 Kg4 54.Ke2 Ra3 55.Ke1 e3 56.Kf1 exf2 57.Rxf2 Kxg3
58.Rg2+ Kxh4 59.Rxg6 Rxa2 60.Kg1 Kh3 61.Kh1 h4 62.Rg7 Ra1+ 63.Rg1 Ra2 64.Rg7 Ra3
65.Rg6 Rg3 66.Ra6 Re3 67.Rg6 Re1+ 68.Rg1 Rxg1+ 69.Kxg1  1/2-1/2

[Event "Najdorf Mem Great Final"]
[Site "Buenos Aires ARG"]
[Date "2002.10.02"]
[Round "1.2"]
[White "Szmetan,J"]
[Black "Valerga,D"]
[Result "1/2-1/2"]
[WhiteElo "2408"]
[BlackElo "2487"]

1.Nf3 Nf6 2.c4 g6 3.g3 Bg7 4.Bg2 O-O 5.O-O d6 6.d4 Nc6 7.Nc3 Bf5 8.Ne1 Na5
9.e4 Bg4 10.f3 Bd7 11.b3 c5 12.Nc2 cxd4 13.Nxd4 Nc6 14.Be3 Qa5 15.Qd2 Rfc8
16.Nde2 Rab8 17.Rfd1 a6 18.a4 Ne5 19.h3 Bxh3 20.f4 Nxc4 21.bxc4 Bxg2 22.Kxg2 Rxc4
23.Qd3 Rbc8 24.Bd2 Qc5 25.Rab1 Qc6 26.Nd5 Nxd5 27.exd5 Qxa4 28.Be3 Rc3 29.Nxc3 Rxc3
30.Qe2 Qe4+ 31.Kf2 Rc2 32.Bd2 Bd4+ 33.Ke1 Qh1+ 34.Qf1 Qe4+  1/2-1/2

[Event "Eu Blitz Ch"]
[Site "Panormo GRE"]
[Date "2002.10.02"]
[Round "3"]
[White "Ruck,R"]
[Black "Tzermiadianos,And"]
[Result "1-0"]
[WhiteElo "2572"]
[BlackElo "2440"]

1.Nf3 Nf6 2.g3 g6 3.Bg2 Bg7 4.c4 O-O 5.d4 d6 6.O-O Nbd7 7.Nc3 e5 8.h3 Re8
9.e4 exd4 10.Nxd4 a6 11.b3 Rb8 12.Bf4 Nc5 13.Re1 Nh5 14.Be3 Nf6 15.Qc2 c6
16.Rad1 Nfd7 17.Kh2 Qc7 18.b4 Ne6 19.Nxe6 Rxe6 20.Bf4 Ne5 21.c5 dxc5 22.bxc5 Re8
23.Qc1 Be6 24.Bh6 Bh8 25.f4 Nc4 26.e5 Rbd8 27.Ne4 Rxd1 28.Rxd1 Bd5 29.Nd6 Nxd6
30.cxd6 Qa5 31.Bxd5 cxd5 32.Qd2 Qb6 33.Bg5 Qc6 34.Rc1 Qb5 35.Rc7 f6 36.a4 Qxa4
37.exf6 Re6 38.f7+ Kf8 39.Bh6+ Bg7 40.Rc8+ Kxf7 41.Rc7+  1-0

[Event "FSIMB Oct"]
[Site "Budapest HUN"]
[Date "2002.10.05"]
[Round "1"]
[White "Schneider,At"]
[Black "Cooke,E"]
[Result "0-1"]
[WhiteElo "2337"]
[BlackElo "2185"]

1.Nf3 Nf6 2.c4 g6 3.g3 Bg7 4.Bg2 O-O 5.O-O d6 6.d4 c5 7.Nc3 Nc6 8.dxc5 dxc5
9.Bf4 Nd4 10.Na4 Nd7 11.Ne1 Nb6 12.Nxc5 Nxc4 13.Ned3 e5 14.Bc1 Bg4 15.Re1 Rc8
16.f3 Bf5 17.b3 Nd6 18.e3 Bxd3 19.exd4 Bf5 20.Bb2 Nb5 21.g4 Nxd4 22.gxf5 Rxc5
23.fxg6 hxg6 24.Rc1 Qb6 25.Rxc5 Qxc5 26.Kh1 Rc8 27.f4 exf4 28.Bxb7 Rb8 29.Be4 Re8
30.Qc1 Qxc1 31.Bxc1 f3 32.Kg1 Ne2+ 33.Kf2 Nxc1 34.Kxf3 Nxa2 35.Rf1 Nc3 36.Bd3 Bd4
37.Bc4 Kg7 38.Kg2 f5 39.Ra1 Re3 40.Ra6 Bb6 41.Ra1 f4 42.Rf1 g5 43.Rf3 Kf6
44.h4 gxh4 45.Rxf4+ Kg5 46.Rf8 h3+ 47.Kf1 Ne4 48.Rg8+ Kh6 49.Rh8+ Kg7 50.Rh4 Nd2+  0-1

[Event "10th Chigorin Mem B"]
[Site "St Petersburg RUS"]
[Date "2002.10.27"]
[Round "3"]
[White "Margolin,E"]
[Black "Tappyrov,V"]
[Result "1-0"]
[WhiteElo "2206"]
[BlackElo "2339"]

1.Nf3 Nf6 2.c4 g6 3.g3 Bg7 4.Bg2 O-O 5.O-O d6 6.d4 Nc6 7.Nc3 a6 8.b3 Rb8
9.Nd5 b5 10.Nxf6+ Bxf6 11.Bh6 Re8 12.Rc1 Bd7 13.Qd2 e5 14.d5 Ne7 15.e4 bxc4
16.bxc4 Bg4 17.Ne1 c5 18.Nd3 Bg7 19.Bxg7 Kxg7 20.f4 f6 21.fxe5 fxe5 22.Qg5 Bd7
23.Qf6+ Kg8 24.Qxd6 Rb6 25.Qxc5 Qb8 26.Nxe5  1-0

[Event "Olympiad"]
[Site "Bled SLO"]
[Date "2002.10.28"]
[Round "3"]
[White "Navara,D"]
[Black "Annaberdiev,M"]
[Result "1-0"]
[WhiteElo "2567"]
[BlackElo "2305"]

1.Nf3 Nf6 2.c4 g6 3.g3 Bg7 4.Bg2 O-O 5.O-O d6 6.d4 Nc6 7.Nc3 a6 8.e3 e5 9.d5 Ne7
10.e4 Nd7 11.Ne1 f5 12.Nd3 Nf6 13.f3 fxe4 14.fxe4 c5 15.a3 Bg4 16.Qe1 Rc8
17.Be3 Bd7 18.Kh1 b5 19.cxb5 axb5 20.b4 c4 21.Nb2 Rb8 22.Rb1 Qe8 23.a4 Nc8
24.axb5 Bxb5 25.Qe2 Rf7 26.Nxb5 Qxb5 27.Nxc4 Rc7 28.Rfc1 Qa4 29.Bd2 Qb5 30.Bf1 Rf7
31.Rb3 Bf8 32.Bh3 Nb6 33.Be6 Rb7 34.Rf3 Kg7 35.Bg5 Qxb4 36.Nxb6 Qxb6 37.Rcf1 Qd8
38.Bxf7  1-0

[Event "10th Chigorin Mem"]
[Site "St Petersburg RUS"]
[Date "2002.10.28"]
[Round "4"]
[White "Matjushin,G"]
[Black "Smikovski,I"]
[Result "1-0"]
[WhiteElo "2420"]
[BlackElo "2504"]

1.c4 Nf6 2.Nf3 g6 3.g3 Bg7 4.Bg2 O-O 5.O-O d5 6.cxd5 Nxd5 7.Nc3 Nc6 8.Nxd5 Qxd5
9.d3 Qb5 10.Rb1 a5 11.a4 Qh5 12.Be3 h6 13.Rc1 Be6 14.Rc5 f5 15.h4 Rad8 16.Rb5 Rd7
17.Rxb7 Bd5 18.Rb5 e6 19.Qc1 Nb4 20.Bc5 Ra8 21.Bxb4 axb4 22.e4 c6 23.Rxb4 c5
24.Rb5 fxe4 25.dxe4 Bxe4 26.Rxc5 Bd5 27.a5 Rdd8 28.Nh2 Qe2 29.Qd1 Qe5 30.Re1 Qd6
31.b4 Rab8 32.Qg4 Kh7 33.Bxd5 exd5 34.Re6 Qf8 35.Qxg6+ Kh8 36.Rc7 d4 37.Rf7 d3
38.Rxf8+ Rxf8 39.Qxd3  1-0

[Event "Olympiad"]
[Site "Bled SLO"]
[Date "2002.10.29"]
[Round "4"]
[White "Lungu,N"]
[Black "Belli,M"]
[Result "1/2-1/2"]
[WhiteElo "2282"]
[BlackElo "2401"]

1.Nf3 Nf6 2.c4 g6 3.g3 Bg7 4.Bg2 O-O 5.O-O d6 6.d4 Nbd7 7.Nc3 e5 8.h3 c6
9.e4 exd4 10.Nxd4 Re8 11.Be3 Nc5 12.Qc2 a5 13.Rad1 Nfd7 14.b3 Qb6 15.Nde2 Bf8
16.Na4 Qc7 17.Nec3 b6 18.Nxc5 Nxc5 19.a3 Be6 20.Kh2 Bg7 21.Ne2 Rad8 22.Nd4 Bc8
23.b4 axb4 24.axb4 Ne6 25.Nxe6 Bxe6 26.Rd3 c5 27.bxc5 bxc5 28.Rb1 Rb8 29.Rdb3 Bd7
30.Rxb8 Rd8 31.Rc8 Rxc8 32.Rb8 Qxb8 33.Bf1 Bc6 34.Bd3 h5 35.h4 Qb7 36.Qb1  1/2-1/2